| 000 | 00766nam a2200241 a 4500 | ||
|---|---|---|---|
| 001 | 49319 | ||
| 003 | BD-RjUL | ||
| 005 | 20211209054649.0 | ||
| 008 | 160820s1956 enk 001 0 eng | ||
| 035 | _a(BD-RjUL)49438 | ||
| 040 |
_aDLC _cCarP _dDLC _dBD-RjUL _beng |
||
| 041 | _aeng | ||
| 082 |
_a342.42 _bALL 1965 _223 |
||
| 100 | 1 | 0 |
_aAllen, Carleton Kemp _913086 |
| 245 | 1 | 0 |
_aLaw and orders : _ban inquiry into the nature and scope of delegated legislation and executive powers in English law / _cCarleton Kemp Allen |
| 250 | _a3rd ed. | ||
| 260 |
_aLondon : _bStevens, _c1956 |
||
| 300 |
_axviii, 412 p. ; _c21 cm. |
||
| 500 | _aIncludes index. | ||
| 650 |
_aDelegation of powers _zGreat Britain. _924487 |
||
| 942 |
_2ddc _cBK |
||
| 999 |
_c49319 _d49319 |
||